F1 A-Z - Statistics

General Stats
  • This quiz has been taken 52 times
  • The average score is 17 of 23
Answer Stats
Hint Answer % Correct
D (First name) 8-time Grand Prix winner with many iconic funny moments, from Australia Daniel Ricciardo
100%
A Italian F1 driver with two WDC titles in the early 50s. Alberto Ascari
93%
L Youngest Ferrari driver to achieve 18 pole positions for the Scuderia Charles Leclerc
93%
J (First name) F1 driver that tragically passed due to an inchident in a race in 2014 Suzuka Jules Bianchi
93%
P Middle name of Montoya, the F1 driver who raced from 2001-06 for McLaren and Williams Juan Pablo Montoya
89%
C This driver finished second in the WDC with McLaren in 2001 David Coulthard
87%
O (First name) of the youngest F1 driver to have raced for Ferrari Ollie Bearman
87%
T The shortest F1 driver in history standing at 1.61m tall :) Yuki Tsunoda
87%
B (First name) F1 driver that is Ayrton Senna's nephew Bruno Senna
80%
E Romain Grosjean: "I think E_____ hit us!" --> referring to Swedish driver Marcus Ericcson
80%
S This driver achieved pole position in the 2020 Turkish Grand Prix Lance Stroll
78%
W Driver who raced for Minardi, Jaguar, Williams and Red Bull from 2002-2013 Mark Webber
73%
H Driver primarily spent his career in McLaren, with teammates such as Senna, Mansell, Coulthard etc. Mika Hakkinen
73%
I This driver holds the joint record with four other drivers for the most podiums before winning a Grand Prix. From Great Britain, drove from 1993-2001 Eddie Irvine
71%
N (First name) of F1 driver who raced for one season only and earned fame for repeatedly spinning during races Nikita Mazepin
71%
K One time Grand Prix winner from Finland, drove for Renault, McLaren etc. Heikki Kovalainen
67%
R Driver that won the WDC in 1970 with Lotus, only driver won the World Drivers' Championship posthumously, following his death during a race. Jochen Rindt
67%
F Fernando Alonso's teammate in his two WDC winning years Giancarlo Fisichella
64%
V Last name of this father-son duo. The father once drove for Ferrari and is Carlos Sainz's favourite F1 driver; whilst his son won a WDC. Gilles/Jacques Villeneuve
62%
M One of the shortest drivers in F1 history, who was born in São Paulo with Italian heritage. Felipe Massa
60%
G The driver other than Romain Grosjean to have 100 race entries in F1 Pierre Gasly
53%
U (First name CONTAINS U) This former driver is currently a part of the Red Bull family and once drove for BRM F1 team. Helmut Marko
29%
Q Austrian F1 driver who competed in 1 race in his whole career. Hint: (Que____, 7 letters Dieter Quester
16%
No matching quizzes found
Score Distribution
Percent of People with Each Score
Percentile by Number Answered
Your Score History
You have not taken this quiz